African Countries that Gained Independence in 1960 - Statistics

General Stats
  • This quiz has been taken 38 times
  • The average score is 15 of 17
Answer Stats
Date Colonizer Answer % Correct
August 1 France Benin
94%
June 30 Belgium Democratic Republic of the Congo
94%
August 15 France Republic of the Congo
94%
June 20 France Senegal
94%
June 20 France Mali
90%
August 3 France Niger
90%
April 27 France Togo
90%
August 5 France Burkina Faso
87%
August 17 France Gabon
87%
August 7 France Ivory Coast
87%
July 1 Italy Somalia
87%
August 11 France Chad
84%
November 28 France Mauritania
84%
January 1 France Cameroon
77%
August 13 France Central African Republic
77%
June 26 France Madagascar
74%
October 1 United Kingdom Nigeria
71%
No matching quizzes found
Score Distribution
Percent of People with Each Score
Percentile by Number Answered
Your Score History
You have not taken this quiz